KOHA-Header-6

Theories of Personality (Record no. 8155)

000 -LEADER
fixed length control field 00259nam a2200109Ia 4500
100 ## - MAIN ENTRY--AUTHOR NAME
Personal name Gregory J. Feist
245 #0 - TITLE STATEMENT
Title Theories of Personality
260 ## - PUBLICATION, DISTRIBUTION, ETC. (IMPRINT)
Place of publication USA
Name of publisher McGraw Hill
Year of publication 1990
300 ## - PHYSICAL DESCRIPTION
Number of Pages 158
942 ## - ADDED ENTRY ELEMENTS (KOHA)
Koha item type Books
Holdings
Withdrawn status Lost status Collection code Permanent Location Current Location Shelving location Date acquired Full call number Accession Number Koha item type
    Psychology MAJU MAJU Shelf No.A35 2019-09-13 658.4 2675 Psychology

Powered by Koha